000 00254nam a2200109Ia 4500
008 231212s2000 xx 000 0 und d
041 _aeng
082 _a622.38154
100 _aSedha R.S.
245 _aApplied Electronics
260 _aPune
_bNirali
_c2000
999 _c965511
_d965511